000
00266nam a2200109Ia 4500
008
200302s9999 xx 000 0 und d
100
_a
Nick Dunn
245
_a
Digital Fabrication in Architecture
260
_b
Laurence King Publishing
260
_c
2012
300
_a
192
999
_c
3371
_d
3371